Quaid-e-Azam Jinnah : (Record no. 187468)
[ view plain ]
| 000 -LEADER | |
|---|---|
| fixed length control field | 01042 a2200169 4500 |
| 003 - CONTROL NUMBER IDENTIFIER | |
| control field | Nust |
| 005 - DATE AND TIME OF LATEST TRANSACTION | |
| control field | 20230206113617.0 |
| 040 ## - CATALOGING SOURCE | |
| Transcribing agency | Nust |
| 082 ## - DEWEY DECIMAL CLASSIFICATION NUMBER | |
| Classification number | 954.9042,ALL |
| 100 ## - MAIN ENTRY--PERSONAL NAME | |
| Personal name | Allana.G |
| 9 (RLIN) | 3790 |
| 245 ## - TITLE STATEMENT | |
| Title | Quaid-e-Azam Jinnah : |
| Remainder of title | The Story of a Nation / |
| Statement of responsibility, etc. | G. Allana |
| 260 ## - PUBLICATION, DISTRIBUTION, ETC. | |
| Place of publication, distribution, etc. | Karachi |
| Name of publisher, distributor, etc. | Ferozsons |
| Linkage | 1988 |
| 300 ## - PHYSICAL DESCRIPTION | |
| Extent | 536:p |
| 505 ## - FORMATTED CONTENTS NOTE | |
| Formatted contents note | Left School on Marriage (Page-1), I Want to be a Barrister (Page-16), The Muslims of India a Perspective (Page-32), In Unity Lies Salvation (Page-57), I Funked Jinnah (Page-95), Swaraj Stinks in my Nostrils (Page-136), An Interlude (Page-164), Leaving Jinnah High and Dry (Page-180), Coffin Marked Three Seats (Page-201), I Like Straight Play (Page-238), There is a Third Party (Page-267), Muslims are a Nation (Page-292), You Cannot Break us (Page-323), We will Never Surrender (Page-358), No Room for Compromise (Page-394), Pakistan Zindabad (Page-423), The Birth of a Nation (Page-452), To God he Returned (Page-501), Bibliography (Page-533). |
| 650 ## - SUBJECT ADDED ENTRY--TOPICAL TERM | |
| Topical term or geographic name entry element | Quaid-e-Azam |
| 9 (RLIN) | 4650 |
| 942 ## - ADDED ENTRY ELEMENTS (KOHA) | |
| Source of classification or shelving scheme | |
| Koha item type | Book |
| Withdrawn status | Lost status | Source of classification or shelving scheme | Damaged status | Not for loan | Permanent Location | Current Location | Shelving location | Date acquired | Shelving control number | Full call number | Barcode | Date last seen | Price effective from | Koha item type | Public note |
|---|---|---|---|---|---|---|---|---|---|---|---|---|---|---|---|
| Military College of Signals (MCS) | Military College of Signals (MCS) | General Stacks | 12/12/2016 | Pakistan History | 954.9042,ALL | MCS2004 | 12/08/2016 | 12/12/2016 | Book | Almirah No.62, Shelf No.1 |
